000 00811nam a2200265Ia 4500
003 OSt
005 20220928113034.0
006 a|||||r|||| 00| 0
007 ta
008 220927b |||||||| |||| 00| 0 eng d
020 _cUSD 100.00
024 _a132568
037 _b116, 21/02/2017, N.R.Book Distributors
_cTextual
040 _aSDCL
_cSDCL
_beng
041 _2eng
_aeng
082 _aG:68, Q7
100 _aMaddocks Sarah
_9431358
245 0 _aUnderstanding PCR
_b A practical bench- top guide
260 _aAmsterdam
_bElsevier
_c2017
300 _av-87p
_ccm.
650 _aPlant Molecular Biology
700 _a Jenkins Rowena
_9431359
942 _hG:68, Q7
_cTEXL
_2CC
999 _c747795
_d747795